Canzoni dei Michael jakckson - Morte Improvvisa - Statistics

Statistiche generali
  • Questo quiz è stato fatto 115 volte
  • Il punteggio medio è 10 su 20
Answers on the Grid
Answers color-coded by a green-red scale on the quiz's grid according to % correct below.
Namibian Girl
No Can Do
In the Closet
They Don't Care About Us
Power of Love
Off The Rails
You Are Not Alone
Rock with You
Earth Song
Man in the Mirror
Smooth Criminal
Rhythm Nation
Moonwalker
Wanna Be Startin' Somethin'
Don't Stop 'Til You Get Enough
Bad
Remember the Time
Ms. Jackson
P.Y.T. (Pretty Young Thing)
Purple Rain
Ghouls
Like a Virgin
Scream
Stranger in Costco
Thriller
Billie Jean
B.L.T. (Bacon Lettuce Tomato)
Beat It
Black or White
Heal the World
Neverland
You Rock My World
Dirty Diana
 
Statistiche sulle risposte
Risposta % Corretto
Thriller
79%
Beat It
74%
Billie Jean
74%
Smooth Criminal
69%
Bad
64%
Black or White
59%
Dirty Diana
53%
They Don't Care About Us
49%
Heal the World
46%
Man in the Mirror
46%
You Are Not Alone
45%
Earth Song
41%
Rock with You
41%
You Rock My World
38%
Don't Stop 'Til You Get Enough
36%
P.Y.T. (Pretty Young Thing)
36%
Wanna Be Startin' Somethin'
36%
Remember the Time
31%
Scream
24%
In the Closet
15%
Nessun quiz corrispondente trovato
Distribuzione punteggi
Percentuale di utenti per punteggio
Percentile per numero di risposta
I tuoi punteggi nel tempo
Non hai fatto questo quiz